| 000 | 00759nam a22002297a 4500 | ||
|---|---|---|---|
| 005 | 20201128021209.0 | ||
| 008 | 150211t2013 xxua frb 00| 0 eng d | ||
| 020 | _a9780071317917 | ||
| 020 | _a0071317910 | ||
| 040 | _aEG-ScBUE | ||
| 082 | 0 | 0 |
_222 _a658.4012 _bROT |
| 100 | 1 |
_aRothaermel, Frank T. _937377 |
|
| 245 | 1 | 0 |
_aStrategic management : _bconcepts and cases / _cFrank T. Rothaermel. |
| 260 |
_aNew York, United States : _bMcGraw-Hill Irwin, _cc.2013. |
||
| 300 |
_a[Various pagings] : _bill. (col.) ; _c25 cm. |
||
| 500 | _aIncludes indexes. | ||
| 504 | _aIncludes bibliographical references. | ||
| 650 | 0 |
_91535 _aStrategic planning _vCase studies |
|
| 653 |
_bBUSADM _cFebruary2014 |
||
| 655 |
_vreading book _934232 |
||
| 942 |
_2ddc _k658.4012 ROT |
||
| 999 |
_c18962 _d18934 |
||